Logo voiture #5 - Statistiques

Statistiques générales
  • Ce quiz a été pris 413 fois
  • Le résultat moyen est 5 sur 13
Statistiques - réponses
Par images Réponse % Correct
Mini
94%
Ford
92%
KTM
72%
Pagani
56%
Tata
26%
Ariel
19%
Polestar
19%
Saleen
19%
Pininfarina
16%
Scion
16%
Noble
13%
Polaris
9%
Hopium
3%
Aucun quiz correspondant
Distribution des résultats
% des personnes avec chaque résultat
Percentile par nombre de réponses
Votre historique - résultats
Vous n’avez pas pris ce quiz